LEADER 01660nas 2200481 c 450 001 9910895180203321 005 20260218112803.0 024 8 $aKir479 035 $a(CKB)3790000000121980 035 $a(DE-599)ZDB2677805-1 035 $a(OCoLC)1184491398 035 $a(OCoLC)812230578 035 $a(OCoLC)869865374 035 $a(DE-101)1025142616 035 $a(DE-599)2677805-1 035 $a(EXLCZ)993790000000121980 100 $a20120815b18041841 |y | 101 0 $ager 135 $aur||||||||||| 181 $ctxt$2rdacontent 182 $cc$2rdamedia 183 $acr$2rdacarrier 200 00$aJenaische allgemeine Literatur-Zeitung$h[...]$iIntelligenzblatt der Jenaischen allgemeinen Literaturzeitung 210 31$aJena$cLiteraturzeitung$aLeipzig$cKo?nigl.-Sa?chs. Zeitungsexpedition$d1804-1841 215 $aOnline-Ressource 225 0 $aZeitschriften der HAAB Weimar 225 0 $aGoethes Privatbibliothek in der Klassik Stiftung Weimar 300 $aGesehen am 15.08.2012 517 1 $aJenaische allgemeine Literatur-Zeitung / Intelligenzblatt 517 3 $aJenaische allgemeine Literatur-Zeitung / Intelligenzbla?tter 517 3 $aZeitschriften der HAAB Weimar / Jenaische allgemeine Literatur-Zeitung 517 3 $aGoethes Privatbibliothek in der Klassik Stiftung Weimar / Jenaische allgemeine Literatur-Zeitung 608 $aZeitung$2gnd-content 676 $a800 676 $a830 686 $aAV 11000$2rvk 801 0$b0027 801 1$bDE-101 801 2$b9001 906 $aJOURNAL 912 $a9910895180203321 996 $aJenaische allgemeine Literatur-Zeitung$94263690 997 $aUNINA